Pacific Ocean - World Map Sudden Death - Statistics

General Stats
  • This quiz has been taken 9,266 times
    9,122 since last reset
  • The average score is 22 of 25
Answers on the Grid
Answers color-coded by a green-red scale on the quiz's grid according to % correct below.
 
Answer Stats
Answer % Correct
96%
96%
96%
95%
95%
95%
95%
95%
95%
95%
94%
94%
94%
94%
93%
93%
92%
92%
92%
91%
89%
87%
62%
53%
52%
No matching quizzes found
Score Distribution
Percent of People with Each Score
Percentile by Number Answered
Your Score History
You have not taken this quiz since the last reset